[Event "Politiken Cup 2012"]
[Site "Helsingor DEN"]
[Date "2012.07.29"]
[Round "2.10"]
[White "Popovic,Du"]
[Black "Eriksson,C"]
[Result "1-0"]
[WhiteElo "2579"]
[BlackElo "2106"]

1.e4 c5 2.Nc3 Nc6 3.Bb5 Nf6 4.Bxc6 dxc6 5.f4 Qc7 6.d3 e5 7.fxe5 Ng4 8.Nf3 Nxe5
9.Nxe5 Qxe5 10.O-O Bd6 11.Bf4 Qd4+ 12.Kh1 Bxf4 13.Rxf4 Be6 14.Qc1 O-O 15.Ne2 Qe5
16.Ng1 Qh5 17.Qe3 b6 18.a3 Rad8 19.Raf1 Qe5 20.Qc1 Qh5 21.b3 a5 22.R4f2 a4
23.bxa4 Ra8 24.Qb2 Rfb8 25.Ne2 Qh6 26.Qe5 Rc8 27.Qb2 Rcb8 28.Nf4 Rb7 29.Qe5 Bg4
30.a5 bxa5 31.Qxc5 Rb5 32.Qe7 Be6 33.h3 Rb2 34.Qd6 Rc8 35.d4 Bc4 36.Qxh6 gxh6
37.Re1 Rcb8 38.Re3 Rb1+ 39.Kh2 Rd1 40.d5 cxd5 41.exd5 Bxd5 42.Re5 Rd8 43.Re7 Bc4
44.Ra7 Rf1 45.Rxf1 Bxf1 46.Rxa5 Rc8 47.Kg1 Bc4 48.Re5 Ba2 49.Kf2 Rxc2+ 50.Re2 Rc4
51.Nh5  1-0

[Event "Tabor Open 2012"]
[Site "Tabor CZE"]
[Date "2012.07.29"]
[Round "1.51"]
[White "Zilava,Katerina"]
[Black "Matejka,R"]
[Result "0-1"]
[WhiteElo "1421"]
[BlackElo "1992"]

1.e4 c5 2.Nc3 Nc6 3.Nf3 g6 4.Bb5 Bg7 5.O-O Nf6 6.d3 O-O 7.Bg5 Nd4 8.Re1 Nxb5
9.Nxb5 Qb6 10.c4 a6 11.e5 axb5 12.exf6 exf6 13.Be3 bxc4 14.dxc4 d6 15.Re2 Bg4
16.Rd2 Rfd8 17.Bf4 Ra6 18.b3 g5 19.h3 Bxf3 20.Qxf3 gxf4 21.Qxf4 d5 22.cxd5 Qd6
23.Qg4 Qe5 24.Rad1 f5 25.Qc4 Qd6 26.Re2 Raa8 27.Rd3 f4 28.a4 Bd4 29.g3 Qxd5
30.Qxd5 Rxd5  0-1

[Event "Politiken Cup 2012"]
[Site "Helsingor DEN"]
[Date "2012.07.30"]
[Round "4.34"]
[White "Jacobsen,Fredrik Beer"]
[Black "Hagen,Ande"]
[Result "0-1"]
[WhiteElo "1913"]
[BlackElo "2130"]

1.e4 c5 2.Nc3 Nc6 3.Bb5 Nd4 4.Bc4 e6 5.Nge2 a6 6.a4 Nf6 7.d3 d5 8.Ba2 Be7
9.O-O Nxe2+ 10.Qxe2 d4 11.Nd1 b5 12.axb5 axb5 13.b4 cxb4 14.Bb2 Bb7 15.f4 Bc5
16.Nf2 Qc7 17.Bc1 b3 18.cxb3 b4 19.Kh1 Nd7 20.Qg4 g6 21.Bb2 Qb6 22.Bb1 Rxa1
23.Bxa1 f5 24.Qe2 O-O 25.Nh3 Nf6 26.Ng5 Re8 27.h3 Ba6 28.Rc1 h6 29.Qc2 Rc8
30.Nf3 Nh5 31.Qd2 Qa7 32.Kh2 Kh7 33.g4 Ng7 34.Qa2 Qb6 35.Rxc5 Qxc5 36.Qxa6 Qc1
37.Bxd4 Rc6 38.Qb5 Qxf4+ 39.Kg2 fxg4 40.hxg4 Rc1 41.Qxb4 Qxg4+ 42.Kf2 Qh3
43.Qf8 e5 44.Bxe5 Qf1+ 45.Ke3 Re1+ 46.Kd2 Qf2+ 47.Kc3 Rc1+ 48.Kb4 Qa7 49.Bxg7 Qxg7
50.Qxg7+ Kxg7 51.d4 Rxb1 52.d5 g5 53.d6 g4 54.Nd4 Kf6 55.e5+ Kxe5 56.d7 Rd1
57.Nc6+ Ke4  0-1

[Event "Tabor Open 2012"]
[Site "Tabor CZE"]
[Date "2012.07.30"]
[Round "3.24"]
[White "Mareckova,M"]
[Black "Marikova,J"]
[Result "1-0"]
[WhiteElo "2089"]
[BlackElo "1899"]

1.e4 c5 2.Nc3 Nc6 3.Bb5 d6 4.Bxc6+ bxc6 5.d3 Nf6 6.f4 Bg4 7.Nf3 g6 8.O-O Bg7
9.h3 Bxf3 10.Qxf3 Nd7 11.Kh1 O-O 12.Bd2 Qb6 13.Rab1 f5 14.exf5 Rxf5 15.Ne4 d5
16.Ng5 Rf6 17.Qg4 Rd6 18.f5 Nf6 19.Qh4 gxf5 20.Rxf5 Rf8 21.Bf4 Rd7 22.Be5 h6
23.Ne6 Rf7 24.Rbf1 Kh7 25.Ng5+  1-0

[Event "Politiken Cup 2012"]
[Site "Helsingor DEN"]
[Date "2012.07.31"]
[Round "5.23"]
[White "Kyrkjebo,Erlend"]
[Black "Alfven,Jorgen"]
[Result "1-0"]
[WhiteElo "2035"]
[BlackElo "1848"]

1.e4 c5 2.Nc3 Nc6 3.Bb5 g6 4.Bxc6 dxc6 5.f4 Bg7 6.d3 Nh6 7.h3 O-O 8.g4 f6
9.Be3 b6 10.Qe2 e5 11.fxe5 fxe5 12.g5 Nf7 13.h4 Qe7 14.O-O-O h5 15.gxh6 Bxh6
16.Nh3 Bxh3 17.Rxh3 Kh7 18.Rg1 Rg8 19.Nd1 Qe6 20.Rf3 Raf8 21.Kb1 Bxe3 22.Nxe3 Nh6
23.Rfg3 Rf4 24.Qh2 Qf6 25.b3 Rxh4 26.Rh3 g5 27.Rf1 Qe7 28.Rh1 Rg6 29.Rxh4 gxh4
30.Qxh4 Qxh4 31.Rxh4 Kg7 32.Rh5 Kf6 33.Nc4 Ng4 34.Rh8 b5 35.Na5 Ne3 36.Rh2 Rg1+
37.Kb2 Nd1+ 38.Kc1 Nc3+ 39.Kd2 Nxa2 40.Nxc6 a6 41.Rh6+ Kg5 42.Re6 Rg2+ 43.Ke3 Rxc2
44.Nxe5 Nb4 45.Nf7+ Kg4 46.Rg6+ Kh3 47.Kf3 Kh2 48.e5 c4 49.Nh6 Rc3 50.Ng4+ Kg1
51.e6 Rxd3+ 52.Ne3+ Kh2 53.e7 Rxe3+ 54.Kxe3 Nd5+ 55.Kf2  1-0

[Event "Tabor Open 2012"]
[Site "Tabor CZE"]
[Date "2012.08.02"]
[Round "6.9"]
[White "Mareckova,M"]
[Black "Hausner,I"]
[Result "1/2-1/2"]
[WhiteElo "2089"]
[BlackElo "2408"]

1.e4 c5 2.Nc3 Nc6 3.Bb5 d6 4.Bxc6+ bxc6 5.d3 e5 6.f4 exf4 7.Bxf4 Ne7 8.Nf3 Ng6
9.Bg3 Be7 10.O-O O-O 11.Kh1 Bg4 12.Qd2 Bxf3 13.Rxf3 Bg5 14.Qf2 Nh4 15.Bxh4 Bxh4
16.Qd2 Rb8 17.b3 Bg5 18.Qe1 Bh4 19.Qd2 Bg5 20.Qe1 Bf6 21.Rd1 Be5 22.Ne2 g6
23.Qf2 Qe7 24.Nf4 Bg7 25.Re1 Rbe8 26.g4 Qe5 27.h4 Re7 28.Rf1 Qd4 29.Qxd4 cxd4
30.Kg2 Rb8 31.a4 Rbb7 32.R3f2 Re5 33.Re2 Rbe7 34.Kf3 Bh6 35.Rfe1 Rc5 36.Ng2 Re6
37.g5 Bg7 38.Nf4 Re8 39.Rg2 Be5 40.Ree2 a5 41.Nh3 f6 42.Kg4 Rf8 43.Rgf2 h5+
44.gxh6 Rf7 45.Nf4 Kh7 46.Ne6 Kxh6 47.Nxc5 dxc5 48.Re1 Rg7 49.Ref1 Rf7 50.Rf3 Rf8
51.Rh1 Rg8 52.Rhf1 Kg7 53.Rh1 Kf7 54.Rfh3 Ke6 55.h5 gxh5+ 56.Kf3 c4 57.dxc4 Rg4
58.Rh4 Rg3+ 59.Ke2 Kd6 60.Rxh5 Rg2+ 61.Kd3  1/2-1/2

[Event "CECLUB 1st Div GpA 2012"]
[Site "Don Benito ESP"]
[Date "2012.08.03"]
[Round "5"]
[White "Alonso Moyano,J"]
[Black "Villavicencio Martinez,A"]
[Result "0-1"]
[WhiteElo "2417"]
[BlackElo "2315"]

1.e4 c5 2.Nc3 Nc6 3.Bb5 Nd4 4.Bc4 e6 5.Nge2 a6 6.d3 b5 7.Bb3 Nxb3 8.axb3 Bb7
9.O-O Nf6 10.Bg5 Be7 11.f4 b4 12.Na4 Rc8 13.Ng3 d5 14.Bxf6 Bxf6 15.e5 Bh4
16.d4 cxd4 17.Qxd4 Rxc2 18.Rac1 Rxc1 19.Rxc1 O-O 20.Qxb4 Ba8 21.Ne2 Be7 22.Qd2 Qb8
23.Nd4 Rc8 24.Rd1 Qc7 25.Qe2 Bb7 26.g3 g6 27.h4 h5 28.Kh2 Kg7 29.Qe3 Qa5
30.Rg1 Qb4 31.Qd3 Bc6 32.Qxa6 Bb7 33.Qd3 Qa5 34.Rd1 Ba6 35.Qe3 Qb4 36.Kg2 Bb5
37.Nc3 Ba6 38.Na4 Bb5 39.Qd2 Qxd2+ 40.Rxd2 Be8 41.Rc2 Rb8 42.Kf3 Rb4 43.Ke3 Bxa4
44.bxa4 Rxa4 45.Rc7 Kf8 46.Nc6 Bc5+ 47.Kd3 Bf2 48.Nd8 Bxg3 49.Nxf7 Rxf4 50.Ng5 Rxh4
51.Nxe6+ Ke8 52.Ng7+ Kd8 53.Ne6+ Ke8 54.Ng7+ Kd8 55.Rc5 Bxe5 56.Rxd5+ Ke7
57.Rxe5+ Kf6 58.Nf5 gxf5 59.Rb5 Re4 60.Rb8 h4 61.Rh8 Kg5 62.Kc3 Kg4 63.b4 h3
64.b5 Re6 65.Kd4 f4 66.Kd5 Rg6 67.Kc5 Rg5+ 68.Kc4 f3 69.b6 f2 70.Kd4  0-1

[Event "FSIMB August 2012"]
[Site "Budapest HUN"]
[Date "2012.08.04"]
[Round "1.3"]
[White "Espinoza Palomino,W"]
[Black "Grimm,D"]
[Result "1-0"]
[WhiteElo "2242"]
[BlackElo "2171"]

1.e4 c5 2.Nf3 Nc6 3.Nc3 Nf6 4.Bb5 Qc7 5.O-O a6 6.Bxc6 Qxc6 7.e5 Nd5 8.Ne4 g6
9.c4 Nf4 10.d3 Ne6 11.Be3 Bg7 12.Qd2 O-O 13.b4 d6 14.exd6 exd6 15.Bh6 b5
16.Bxg7 Kxg7 17.Rfe1 Bb7 18.Qb2+ f6 19.Nxf6 Nd4 20.Nd5 Rxf3 21.gxf3 Rf8 22.Re4 Rf5
23.Rae1 Qc8 24.h4 Bxd5 25.Rxd4 cxd4 26.Qxd4+ Kh6 27.cxd5 Qf8 28.Qe3+ Rf4
29.Kg2 Qf5 30.Kg3 g5 31.Rh1 Kg6 32.h5+ Kh6 33.Qe6+ Qf6 34.Qe3 Qf5 35.Qe6+ Qf6
36.Qxf6+ Rxf6 37.Rc1 Rf5 38.Rc6 Rxd5 39.Rxa6 Rd4 40.f4  1-0

[Event "21st Metro GM"]
[Site "Los Angeles USA"]
[Date "2012.08.04"]
[Round "3"]
[White "Matikozian,A"]
[Black "Arnold,Mar"]
[Result "1/2-1/2"]
[WhiteElo "2400"]
[BlackElo "2540"]

1.e4 c5 2.Nf3 Nc6 3.Nc3 g6 4.d4 cxd4 5.Nxd4 Bg7 6.Be3 Nf6 7.f3 O-O 8.Qd2 d5
9.O-O-O dxe4 10.Nxc6 Qxd2+ 11.Bxd2 bxc6 12.Nxe4 Nxe4 13.fxe4 Bg4 14.Re1 Be6
15.b3 a5 16.a4 c5 17.e5 Rfd8 18.Bb5 Rdc8 19.Kb2 c4 20.Bc3 cxb3 21.cxb3 Rc5
22.Re3 Rac8 23.Rhe1 Bh6 24.Rd3 Bf5 25.Rf3 Bd2 26.Bxd2 Rc2+ 27.Ka3 Rxd2 28.Re2 Rcc2
29.Rxd2 Rxd2 30.b4 axb4+ 31.Kxb4 Rxg2 32.a5 Rxh2 33.a6 Be4 34.Re3 Bh1 35.a7  1/2-1/2

[Event "ch-POR 2012"]
[Site "Pampilhosa da Serra POR"]
[Date "2012.08.04"]
[Round "1.3"]
[White "Galego,L"]
[Black "Neves,P"]
[Result "1-0"]
[WhiteElo "2495"]
[BlackElo "2244"]

1.e4 c5 2.Nf3 Nc6 3.Nc3 g6 4.Bb5 Bg7 5.O-O e5 6.Bxc6 dxc6 7.d3 Qc7 8.a4 a5
9.Be3 b6 10.Nd2 Nf6 11.Nc4 Nh5 12.Qd2 Be6 13.b3 O-O 14.Bh6 Rfb8 15.Bxg7 Kxg7
16.Ne3 f6 17.Ne2 Rd8 18.f3 Rd7 19.g3 b5 20.Kg2 c4 21.bxc4 bxc4 22.Qc3 cxd3
23.cxd3 Rad8 24.Rfd1 Qb6 25.Nc2 Qa6 26.Nc1 g5 27.Rb1 Bc4 28.Ne1 Kh8 29.Rd2 Rd6
30.Rdb2 Be6 31.Rb6 Qa8 32.Ne2 Ng7 33.Rb7 Bc8 34.R7b6 Ne6 35.R1b2 Bd7 36.Qa3 Be8
37.Rb7 R6d7 38.Rxd7 Rxd7 39.Rb6 Kg7 40.Qc3 Rd6 41.Qb3 Kf8 42.Qa3 Ke7 43.Nc2 Qa7
44.Ne3 Qxb6 45.Nf5+ Kd8 46.Qxd6+ Bd7 47.Qe7+ Kc7 48.Qxf6 Qb2 49.Kf2 Qb6+
50.Ne3 Qc5 51.f4 exf4 52.gxf4 gxf4 53.Nxf4 Nd4 54.Qg7 h5 55.h4 Qb4  1-0

[Event "16th HZ Open"]
[Site "Vlissingen NED"]
[Date "2012.08.05"]
[Round "2"]
[White "Ducarmon,Q"]
[Black "Hoffman,Ro"]
[Result "1/2-1/2"]
[WhiteElo "2407"]
[BlackElo "2082"]

1.e4 c5 2.Nc3 Nc6 3.Nge2 d6 4.d4 cxd4 5.Nxd4 e5 6.Ndb5 a6 7.Na3 b5 8.Nd5 Nge7
9.c4 Nd4 10.Be3 Nxd5 11.cxd5 Be7 12.Bd3 O-O 13.O-O f5 14.Bxd4 fxe4 15.Bxe4 exd4
16.Nc2 Bf6 17.Qd3 g6 18.Nxd4 Qb6 19.Rad1 Bd7 20.Ne6 Rf7 21.Rd2 Rc8 22.Rc2 Rxc2
23.Qxc2 Bxe6 24.dxe6 Rc7 25.Qd3 Qd4 26.Qxd4 Bxd4 27.b3 Kf8 28.g3 Ke7 29.Rd1 Bb2
30.Rd2 Bc3 31.Re2 Rc5 32.f4 d5 33.Bd3 Bd4+ 34.Kg2 Rc3 35.Rd2  1/2-1/2

[Event "16th HZ Open"]
[Site "Vlissingen NED"]
[Date "2012.08.05"]
[Round "3"]
[White "Thesing,M"]
[Black "Hoffman,Ro"]
[Result "0-1"]
[WhiteElo "2412"]
[BlackElo "2082"]

1.e4 c5 2.Nc3 Nc6 3.Bb5 Nd4 4.Nf3 e6 5.O-O a6 6.Bd3 Ne7 7.Nxd4 cxd4 8.Ne2 Nc6
9.c3 Ne5 10.Bb1 dxc3 11.Nxc3 d6 12.d4 Nd7 13.Be3 Be7 14.Qe2 O-O 15.Bd3 b5
16.a4 b4 17.Na2 a5 18.Nc1 e5 19.Nb3 exd4 20.Bxd4 Ne5 21.Bb5 Be6 22.Nd2 Bf6
23.Rfd1 Qe7 24.Nf1 Rfd8 25.Ne3 Nd7 26.Bxf6 Nxf6 27.Qd3 Rac8 28.h3 h6 29.Rac1 Rxc1
30.Rxc1 d5 31.e5 Ne4 32.Qd4 Qg5 33.Rf1 Bxh3 34.f4 Qg3 35.Rf3 Qe1+ 36.Kh2 Bg4
37.Nxg4 Qh4+ 38.Kg1 Qxg4 39.Bd3 Ng5 40.Rf1 Ne6 41.Qb6 Rc8 42.Ba6 Rc2  0-1

[Event "16th HZ Open"]
[Site "Vlissingen NED"]
[Date "2012.08.05"]
[Round "3"]
[White "Hamblok,R"]
[Black "Jerez Perez,A"]
[Result "1/2-1/2"]
[WhiteElo "2239"]
[BlackElo "2412"]

1.e4 c5 2.Nc3 Nc6 3.Bb5 Nd4 4.Bc4 a6 5.Nge2 b5 6.Bd5 Ra7 7.Nxd4 cxd4 8.Ne2 e6
9.Bb3 Bb7 10.d3 d5 11.e5 Qc7 12.f4 Bc5 13.O-O Ne7 14.Kh1 O-O 15.Ng1 f6 16.exf6 Rxf6
17.Nf3 Ra8 18.Bd2 Raf8 19.Qe2 Ng6 20.g3 Bd6 21.Nxd4 e5 22.fxe5 Bxe5 23.c3 Kh8
24.Rxf6 Rxf6 25.Rf1 Qf7 26.Kg1 Qe7 27.Qe1 Bxd4+ 28.cxd4 Re6 29.Qd1 Re2 30.Re1 Rxe1+
31.Qxe1 Qxe1+ 32.Bxe1 Kg8 33.Bb4 Kf7 34.Kf2 Ne7 35.Bxe7 Kxe7 36.Ke3 g5 37.Bd1 Bc8
38.Bf3 Be6 39.Bh5 Bf5 40.b4 Bd7 41.h4 h6 42.Kf3 Kf6 43.Bg4 Bf5 44.Bxf5 Kxf5
45.g4+ Kf6 46.h5  1/2-1/2

[Event "16th HZ Open"]
[Site "Vlissingen NED"]
[Date "2012.08.05"]
[Round "3"]
[White "Van Eijk,S"]
[Black "Beeke,B"]
[Result "1/2-1/2"]
[WhiteElo "2441"]
[BlackElo "2253"]

1.e4 c5 2.Nc3 Nc6 3.Nge2 d6 4.d4 cxd4 5.Nxd4 Nf6 6.Bc4 Qb6 7.Nb3 e6 8.Bf4 Ne5
9.Be2 Be7 10.Be3 Qc7 11.f4 Nc6 12.g4 h6 13.h4 a6 14.Nd4 b5 15.Nxc6 Qxc6 16.Bf3 Bb7
17.O-O Qc7 18.g5 Nd7 19.Ne2 Nc5 20.Ng3 hxg5 21.hxg5 O-O-O 22.Kg2  1/2-1/2

[Event "FSIMB August 2012"]
[Site "Budapest HUN"]
[Date "2012.08.07"]
[Round "4.3"]
[White "Lyell,M"]
[Black "Tamin,U"]
[Result "1-0"]
[WhiteElo "2225"]
[BlackElo "2182"]

1.e4 c5 2.Nc3 Nc6 3.Bb5 Nd4 4.Bc4 e6 5.Nge2 Nxe2 6.Qxe2 a6 7.d3 b5 8.Bb3 Bb7
9.O-O d6 10.f4 Qb6 11.f5 e5 12.Nd5 Bxd5 13.Bxd5 Ra7 14.Bg5 Be7 15.Be3 Nf6
16.Bb3 h5 17.h3 h4 18.a4 Rh7 19.axb5 axb5 20.Ra2 Rxa2 21.Bxa2 Nh5 22.Ra1 Bd8
23.Bb3 Nf6 24.Kh2 Bc7 25.Bg5 Bd8 26.Ra8 Qb7 27.Bd5 Qc7 28.Bxf6 gxf6 29.Qg4 Kf8
30.Qd1 Qb6 31.Qa1 c4 32.dxc4 bxc4 33.Qa4 Kg7 34.Qe8  1-0

[Event "Olomouc Summer Open"]
[Site "Olomouc CZE"]
[Date "2012.08.07"]
[Round "7.8"]
[White "Kanovsky,D"]
[Black "Sergienko,Vladislav"]
[Result "1-0"]
[WhiteElo "2441"]
[BlackElo "2191"]

1.e4 c5 2.Nf3 Nc6 3.Nc3 g6 4.d4 cxd4 5.Nxd4 Bg7 6.Be3 Nf6 7.Bc4 Qa5 8.O-O O-O
9.Bb3 d6 10.h3 Bd7 11.Re1 Rac8 12.Nf3 b5 13.Bg5 Rfd8 14.Nd5 Be6 15.Qe2 Bxd5
16.exd5 Ne5 17.Nd4 b4 18.Rad1 Nxd5 19.Nf5 gxf5 20.Rxd5 Qc7 21.f4 Nc6 22.Qh5 e6
23.Rd3 Ne7 24.Rg3 Ng6 25.Rxe6 Re8 26.Rxg6 hxg6 27.Qxg6 d5 28.Qxf5 Qc5+ 29.Kh2 Re1
30.h4 Qg1+ 31.Kh3 Qh1+ 32.Kg4 Re6 33.Bxd5 Rc5 34.Qd3 Re8 35.Bxf7+ Kxf7 36.Qd7+ Kf8
37.Qd6+ Kg8 38.Qxc5 Qd1+ 39.Rf3 Qd7+ 40.Qf5 Qd2 41.g3 Rf8 42.Qe6+ Kh7 43.Qe4+ Kh8
44.Qd3 Qc1 45.f5 Qxb2 46.f6  1-0

[Event "II Brazil Maringa Open"]
[Site "Maringa BRA"]
[Date "2012.08.09"]
[Round "3.19"]
[White "Marques,Joa"]
[Black "Cezar Junior,William Carlos"]
[Result "1-0"]
[WhiteElo "2205"]
[BlackElo "1973"]

1.e4 c5 2.Nf3 Nc6 3.Nc3 Nf6 4.d4 cxd4 5.Nxd4 e5 6.Ndb5 d6 7.Bg5 a6 8.Na3 b5
9.Nd5 Be7 10.Bxf6 Bxf6 11.c4 b4 12.Nc2 a5 13.Qf3 Bg5 14.h4 Bh6 15.g4 Bf4
16.Nxf4 Qf6 17.O-O-O Bb7 18.Be2 exf4 19.g5 Qe5 20.Rd5 Qe7 21.Qxf4 Ne5 22.Rd2 Rd8
23.h5 h6 24.gxh6 Rxh6 25.Rg1 Kf8 26.f3 Rxh5 27.Nd4 g6 28.Rgd1 Ba6 29.b3 Kg7
30.Qg3 Rg5 31.Qf2 Qf6 32.f4 Nc6 33.e5 Rxe5 34.Nxc6 Rxe2 35.Qxe2 Qa1+ 36.Kc2 Qxa2+
37.Kd3 Qxb3+ 38.Kd4 Rc8 39.Nxa5 Qc3+ 40.Kd5 Rc5+ 41.Kxd6 Rxa5 42.Rd4 b3 43.Qe1 Qxe1
44.Rxe1 Ra4 45.Kc5 Ra2 46.Rb1  1-0

[Event "16th HZ Open"]
[Site "Vlissingen NED"]
[Date "2012.08.09"]
[Round "7"]
[White "Hulpia,F"]
[Black "Verbruggen,S"]
[Result "1-0"]
[WhiteElo "2090"]
[BlackElo "1838"]

1.e4 c5 2.Nc3 Nc6 3.Nf3 Nf6 4.Bb5 g6 5.e5 Ng4 6.Bxc6 dxc6 7.d3 Bg7 8.Qe2 Nh6
9.Ne4 Bg4 10.Nf6+ Bxf6 11.Bxh6 Bxf3 12.gxf3 Bh4 13.O-O-O e6 14.Kb1 Qa5 15.d4 O-O-O
16.Qe3 Rd7 17.dxc5 Rhd8 18.Rd6 Be7 19.Rhd1 Bxd6 20.cxd6 f6 21.f4 fxe5 22.fxe5 Rf7
23.f4 Qb6 24.Qe2 Kd7 25.h4 Rf5 26.Bg5 Rdf8 27.h5 Qb4 28.a3 Qa4 29.hxg6 hxg6
30.b3 Qxa3 31.Qh2 Qb4 32.Bf6 R5xf6 33.exf6 Rf7 34.Qh8 Qxf4 35.Qb8 Qxf6 36.Qxb7+ Kd8
37.Qb8+  1-0

[Event "Open ch-MKD 2012"]
[Site "Struga MKD"]
[Date "2012.08.10"]
[Round "7.16"]
[White "Cokreva,G"]
[Black "Pejchinoski,Dejan"]
[Result "1/2-1/2"]
[WhiteElo "1844"]
[BlackElo "1664"]

1.e4 c5 2.Nc3 Nc6 3.Bb5 Nd4 4.f4 Nxb5 5.Nxb5 a6 6.Nc3 e6 7.Nf3 d5 8.e5 Be7
9.O-O Nh6 10.d3 O-O 11.Qe1 b5 12.a4 Bd7 13.a5 c4 14.Ne2 Qc7 15.d4 b4 16.Qg3 Rfb8
17.Nh4 Rb5 18.f5 Nxf5 19.Nxf5 exf5 20.Bg5 Bxg5 21.Qxg5 Rxa5 22.Nf4 Rxa1 23.Nh5 Rxf1+
24.Kxf1 g6 25.Nf6+ Kg7 26.Nh5+ Kf8 27.Qh6+ Ke8 28.Nf6+ Ke7 29.Nxd5+ Kd8 30.Nxc7 Kxc7
31.d5 Bb5 32.c3 bxc3 33.bxc3 Ra7 34.Qf8 Kb6 35.Qd6+ Kb7 36.e6 fxe6 37.dxe6 a5
38.Qe7+ Kb6 39.Qd6+ Kb7 40.Qe7+ Kb6 41.Qd6+  1/2-1/2

[Event "TATA 14th IBCA Olympiad"]
[Site "Chennai IND"]
[Date "2012.08.11"]
[Round "2.1"]
[White "Torres,Saulo De Jesus"]
[Black "Mueller,Oli"]
[Result "0-1"]
[WhiteElo "1914"]
[BlackElo "2265"]

1.e4 c5 2.Nc3 Nc6 3.Bb5 d6 4.Bxc6+ bxc6 5.d3 g6 6.f4 Bg7 7.Nf3 Nh6 8.O-O Rb8
9.Qe1 O-O 10.f5 e6 11.f6 Bxf6 12.Bxh6 Re8 13.b3 e5 14.Nd1 Bg7 15.Bxg7 Kxg7
16.Ne3 f6 17.Qh4 Rb7 18.Nd2 Rf7 19.Rf3 Ref8 20.Raf1 d5 21.Qf2 Be6 22.h3 Qa5
23.a4 Qc3 24.Nb1 Qa5 25.Qd2 Qd8 26.Qf2 Qe7 27.Nd2 Qd8 28.Ng4 Qe7 29.Qe3 Bd7
30.Qh6+ Kg8 31.Qh4 Bxg4 32.hxg4 Kg7 33.R1f2 Qd6  0-1

[Event "28th Geraardsbergen Open"]
[Site "Geraardsbergen BEL"]
[Date "2012.08.11"]
[Round "1.35"]
[White "Penson,T"]
[Black "Burnay,G"]
[Result "0-1"]
[WhiteElo "2191"]
[BlackElo "1836"]

1.e4 c5 2.Ne2 Nc6 3.Nbc3 Nf6 4.g3 e6 5.Bg2 Be7 6.d4 cxd4 7.Nxd4 a6 8.Nxc6 dxc6
9.Qxd8+ Bxd8 10.Be3 b5 11.Bc5 Be7 12.e5 Nd5 13.Ne4 Bxc5 14.Nxc5 Bd7 15.O-O-O Ke7
16.Rd4 Ra7 17.Rhd1 Rb8 18.c3 a5 19.h4 h5 20.Bf3 g6 21.Be2 Bc8 22.Kc2 a4 23.a3 Bd7
24.c4 bxc4 25.Rxc4 Rba8 26.Kc1 Bc8 27.Rd2 Ra5 28.Rcc2 Rb8 29.Rd4 Rba8 30.Kd2 R8a7
31.f4 Bd7 32.Bd1 Bc8 33.Rc1 Nb6 34.Rd6 Rb5 35.Rxc6 Bd7 36.Nxd7 Rxd7+ 37.Kc2 Nd5
38.Kb1 Rdb7 39.Bf3 Rxb2+ 40.Ka1 R2b3 41.Bxd5 exd5 42.Rc7+ Rxc7 43.Rxc7+ Ke6
44.Rc6+ Ke7 45.Rc7+ Ke8 46.Rc8+ Kd7 47.Rc5 Rxa3+ 48.Kb2 Rxg3 49.Rxd5+ Ke7
50.Ra5 a3+ 51.Ka2 Rh3 52.Ra7+ Kf8 53.f5 gxf5 54.Ra6 Rxh4 55.Rf6 Ke7 56.Rxf5 Rh1
57.Kxa3 h4 58.Kb2 h3 59.Rh5 h2 60.Ka2 Ke6 61.Kb2 Re1 62.Rxh2 Rxe5  0-1

[Event "II Brazil Maringa Open"]
[Site "Maringa BRA"]
[Date "2012.08.11"]
[Round "7.23"]
[White "Souza Neves,A"]
[Black "Santos,Emanuel Valentin Dos"]
[Result "1-0"]
[WhiteElo "2140"]
[BlackElo "1888"]

1.Nf3 c5 2.e4 Nc6 3.Nc3 e6 4.d3 d6 5.g3 g6 6.d4 Bg7 7.dxc5 dxc5 8.Qxd8+ Kxd8
9.Bg5+ Bf6 10.O-O-O+ Ke7 11.Bg2 Bxg5+ 12.Nxg5 Nf6 13.Rhe1 h6 14.Nd5+ Nxd5
15.exd5 hxg5 16.dxc6 bxc6 17.Bxc6 Rb8 18.Rh1 Rb6 19.Bg2 Bb7 20.Bxb7 Rxb7
21.h3 Rd7 22.Rde1 Rd5 23.Re2 Rhd8 24.c3 Rh8 25.Kc2 Kd6 26.Re4 Kc6 27.g4 Rhd8
28.Re2 Rh8 29.f3 Kd6 30.Rhh2 Re5 31.Ref2 Rh4 32.c4 Re1 33.a3 Rg1 34.b4 cxb4
35.axb4 Rg3 36.Kb3 Rgxh3 37.Rxh3 Rxh3 38.c5+ Kc6 39.Kc4 a6 40.Ra2 Kb7 41.Ra3 f5
42.b5 axb5+ 43.Kxb5 Rh1 44.Re3 Rb1+ 45.Kc4 Rc1+ 46.Kd4 Rd1+ 47.Ke5 Rd5+ 48.Kxe6 Rxc5
49.Kf6 fxg4 50.fxg4 Kc7 51.Kxg6 Kd7 52.Kf6 Ra5  1-0

[Event "2nd Split Open 2012"]
[Site "Split CRO"]
[Date "2012.08.11"]
[Round "1.19"]
[White "Plenca,J"]
[Black "Klaric,M"]
[Result "1-0"]
[WhiteElo "2329"]
[BlackElo "1962"]

1.e4 c5 2.Nf3 Nc6 3.Nc3 e5 4.Bc4 d6 5.d3 Be6 6.Nd2 Be7 7.Nf1 Nf6 8.Ne3 Bxc4
9.dxc4 O-O 10.O-O Qd7 11.a3 Bd8 12.Qd3 Ba5 13.Ne2 Bc7 14.c3 a5 15.Ng3 a4
16.Nef5 g6 17.Bg5 Qe6 18.Ne3 Kg7 19.Rad1 Ne8 20.Nd5 h6 21.Nf5+ Kh7 22.Qh3 h5
23.Nxc7 Nxc7 24.Rxd6 Qxc4 25.Qxh5+ gxh5 26.Rh6+  1-0

[Event "Stare Mesto Open 2012"]
[Site "Stare Mesto CZE"]
[Date "2012.08.11"]
[Round "2.1"]
[White "Mareckova,M"]
[Black "Kislinsky,A"]
[Result "0-1"]
[WhiteElo "2089"]
[BlackElo "2551"]

1.e4 c5 2.Nc3 Nc6 3.Bb5 e6 4.Bxc6 bxc6 5.f4 Qh4+ 6.g3 Qd8 7.Nf3 d5 8.d3 g6
9.b3 Bg7 10.Bb2 Nf6 11.O-O O-O 12.Re1 c4 13.e5 Nd7 14.dxc4 Bb7 15.Ba3 Qa5
16.Na4 c5 17.Qd2 Qc7 18.cxd5 exd5 19.Nc3 d4 20.Ne4 f5 21.exf6 Nxf6 22.Nxf6+ Rxf6
23.Rf1 Ra6 24.Bb2 Re6 25.Rae1 Re3 26.Nxd4 cxd4 27.Bxd4 Rxe1 28.Rxe1 Qc6  0-1

[Event "XIII Miquel Mas Open"]
[Site "Figueres ESP"]
[Date "2012.08.12"]
[Round "5.4"]
[White "Adhiban,Baskaran"]
[Black "Dourerassou,J"]
[Result "1/2-1/2"]
[WhiteElo "2553"]
[BlackElo "2460"]

1.e4 c5 2.Nf3 Nc6 3.Nc3 e5 4.Bc4 Be7 5.d3 Nf6 6.Ng5 O-O 7.f4 d6 8.O-O exf4
9.Bxf4 Bg4 10.Qd2 Nd4 11.h3 Bh5 12.g4 Bg6 13.Nf3 Qd7 14.Nxd4 cxd4 15.Nd5 Nxd5
16.Bxd5 Rac8 17.Rf2 Bf6 18.Qb4 Be5 19.Bxe5 dxe5 20.Qxb7 Qxb7 21.Bxb7 Rb8
22.Bd5 Rxb2 23.Bb3 Kh8 24.Raf1 f6 25.g5 Bf7 26.Kg2 a5 27.Kg3 a4 28.Bxf7 Rxf7
29.gxf6 Rxf6 30.Rxf6 gxf6 31.Rxf6 Rxc2 32.Kg4 Rxa2 33.Ra6  1/2-1/2

[Event "Miguel Najdorf Open A"]
[Site "Warsaw POL"]
[Date "2012.08.12"]
[Round "7.2"]
[White "Deszczynski,A"]
[Black "Jakubowski,K"]
[Result "1/2-1/2"]
[WhiteElo "2365"]
[BlackElo "2523"]

1.e4 c5 2.Nc3 Nc6 3.Bb5 g6 4.Bxc6 bxc6 5.d3 Bg7 6.f4 d6 7.Nf3 Rb8 8.O-O Nh6
9.Qe2 f5 10.e5 O-O 11.Kh1 Qc7 12.Re1 Nf7 13.b3 Nd8 14.Bb2 Ne6 15.Qe3 a5 16.Na4 Bh6
17.g3 Qa7 18.c4 d5 19.h4 Rd8 20.Rad1 Bf8 21.Ba3 d4 22.Qd2 Rb7 23.Kg2 h5 24.Ng5 Rb4
25.Nxe6 Bxe6 26.Bxb4 cxb4 27.a3 c5 28.axb4 axb4 29.Ra1 Bc8 30.Kh2 Bb7 31.e6 Bg7
32.Ra2 Rd6 33.Re2 Qa5 34.Qe1 Qc7 35.Nb2 Qc6 36.Ra7 Rxe6 37.Rxb7 Rxe2+ 38.Qxe2 Qxb7
39.Qe6+ Kh7 40.Na4 Qf3 41.Nxc5 Qf2+ 42.Kh3 Qf1+ 43.Kh2 Qf2+ 44.Kh3 Qf1+ 45.Kh2  1/2-1/2

[Event "TATA 14th IBCA Olympiad"]
[Site "Chennai IND"]
[Date "2012.08.13"]
[Round "4.2"]
[White "Patel,Da"]
[Black "Shepelev,I"]
[Result "0-1"]
[WhiteElo "1811"]
[BlackElo "2117"]

1.e4 c5 2.Ne2 Nc6 3.Nbc3 g6 4.g3 Bg7 5.Bg2 e6 6.O-O Nge7 7.d4 Nxd4 8.Nxd4 cxd4
9.Nb5 Qb6 10.Qe2 a6 11.Na3 O-O 12.Nc4 Qc7 13.e5 f6 14.f4 Nc6 15.Bd2 b5 16.Nd6 Rb8
17.a4 fxe5 18.axb5 axb5 19.fxe5 Rxf1+ 20.Rxf1 Nxe5 21.Bb4 Ba6 22.Ne4 Qc4
23.Qd2 Ng4 24.c3 Bh6 25.Nf6+ Kg7 26.Qe1 Be3+ 27.Kh1 Nxf6 28.cxd4 Bxd4 29.Bd6 Rc8
30.Be5 Bxe5 31.Qxe5 Rf8 32.Qd6 Bb7 33.Rf4 Qc1+ 34.Rf1 Qxf1+  0-1

[Event "16th Izmailov Mem"]
[Site "Tomsk RUS"]
[Date "2012.08.13"]
[Round "7.28"]
[White "Kossachev,Dmitry"]
[Black "Makarenko,Zakhar"]
[Result "1/2-1/2"]
[WhiteElo "2016"]
[BlackElo "1844"]

1.e4 c5 2.Ne2 Nc6 3.Nbc3 d6 4.g3 g6 5.Bg2 Bg7 6.O-O Nf6 7.a4 O-O 8.h3 e6
9.d3 h6 10.Be3 Qb6 11.Qd2 Kh7 12.f4 Nd7 13.Rab1 a6 14.g4 Qc7 15.f5 Nf6 16.fxg6+ fxg6
17.g5 hxg5 18.Bxg5 Bd7 19.Nf4 Ng8 20.Qe1 Nh6 21.Qh4 Rae8 22.Nd1 Ne5 23.Ne3 Nf7
24.Ng4 Bxa4 25.Bxh6 Nxh6 26.b3 Bc6 27.Qg5 Bd4+ 28.Kh1 Qg7 29.Ne2 Nxg4 30.Qxg4 Be3
31.Qg3 Bd4 32.Qxd6 e5 33.Nxd4 cxd4 34.Kh2 Qd7 35.Qxf8 Rxf8 36.Rxf8 Qe7 37.Rbf1 Be8
38.R8f2 Kg7 39.Bf3 a5 40.Ra1 b6 41.Bg4 Qc7 42.Be6 b5 43.Ra2 a4 44.bxa4 bxa4
45.Rf1 Qc3 46.Kg3 Qb4 47.Rf2  1/2-1/2

[Event "25th Panevezys Open"]
[Site "Panevezys LTU"]
[Date "2012.08.14"]
[Round "3.6"]
[White "Klabis,R"]
[Black "Petrovskis,Olegs"]
[Result "1/2-1/2"]
[WhiteElo "2126"]
[BlackElo "1906"]

1.e4 c5 2.Nc3 Nc6 3.Bb5 Nd4 4.Bc4 g6 5.Nge2 Bg7 6.d3 e6 7.Nxd4 cxd4 8.Ne2 Ne7
9.O-O O-O 10.Bg5 d6 11.f4 Qc7 12.Qe1 h6 13.Bh4 Kh7 14.Qf2 Nc6 15.Ng3 f6 16.Ne2 f5
17.exf5 exf5 18.Ng3 Bd7 19.Rfe1 Rae8 20.Rxe8 Rxe8 21.Re1 Qc8 22.Bf7 Rf8 23.Bd5 Re8
24.Rxe8 Qxe8 25.Qe2 Nb4 26.Bb3 Qe3+ 27.Qxe3 dxe3 28.a3 Na6 29.c3 Nc5 30.Bc2 Ba4
31.Bb1 Ne6  1/2-1/2

[Event "25th Panevezys Open"]
[Site "Panevezys LTU"]
[Date "2012.08.14"]
[Round "3.7"]
[White "Marutkins,O"]
[Black "Zebelis,R"]
[Result "1-0"]
[WhiteElo "2021"]
[BlackElo "1921"]

1.e4 c5 2.Nf3 Nc6 3.Nc3 d6 4.d4 cxd4 5.Nxd4 e6 6.Be2 Be7 7.O-O a6 8.Be3 Nf6
9.Kh1 O-O 10.f4 Nxd4 11.Qxd4 b5 12.a4 e5 13.fxe5 dxe5 14.Qxd8 Rxd8 15.axb5 a5
16.Bd3 Nd7 17.Bc4 Rf8 18.Bd5 Rb8 19.Ba7 Bb4 20.Bxb8 Nxb8 21.Rxf7 Rxf7 22.Rf1  1-0